000 01529pab a2200169 454500
008 180718b2008 xxu||||| |||| 00| 0 eng d
100 _aBava, Noorjahan
245 _aPublic private partnership in public service and development: A conceptual and empirical framework
260 _c2008
300 _ap.395-416.
362 _aJul-Sep
520 _aPublic Private Partnership (PPP) has emerged as the buzzword in the study and practice of public policy and administration since the mid-1970s, but the discourse on the relationship between public and private realms is a time-honoured one. The issue of PPP needs to be situated in the broader intellectual and empirical context prior to a focused discussion on it to get a clear, comprehensive understanding of the concept, its meanings, forms, and problems by planners and policy-makers. this is precisely what the author has attempted to do in the first section of this article. It discusses the key concepts around which the issue of PPP revoves, namely, public vs private sphere, state vs market, state vs civil society, citizen participation and PPP for socio-economic development. The second section is exclusively devoted to a detailed analysis of empirical data on India. The concluding section highlights the various policy, regulatory, financial, and institutional frameworks necessary and essential for the success of PPP. - Reproduced.
650 _aPublic private partnership
773 _aIndian Journal of Public Administration
908 _aN
909 _a79852
999 _c79852
_d79852